| 000 | 00543nam a22001817a 4500 | ||
|---|---|---|---|
| 005 | 20180502102311.0 | ||
| 010 | _aENG-122843 | ||
| 020 |
_a9789386702197 _c299.00 |
||
| 035 | _aEN-106375 | ||
| 037 | _bDBAD/PUB | ||
| 082 | _aS | ||
| 100 | _aKipling, Rudyard | ||
| 245 |
_aLessons for Mrs. Hayjsbee : _cby Rudyard Kipling _btales of passion, intrigue andscandal / |
||
| 260 |
_aNew Delhi _bSpeaking Tiger _c2017 |
||
| 270 |
_a4381/4, Ansari Road, Daryaganj, _bNew Delhi _e110002 |
||
| 300 |
_a225p. _c21cm(pbk) |
||
| 942 |
_2ddc _cEN _mKIP _hS |
||
| 999 |
_c151816 _d151816 |
||